Estatísticas para Os 15 principais países afetados pela Covid-19 - 13 de junho

Clique aqui para jogar o quiz

Estatísticas Gerais

  • Esse quiz foi jogado 9 vezes
  • A pontuação média é 14 de 26

Estatísticas das Respostas

país% Correto
Brasil
100%
Estados Unidos
100%
França
100%
Itália
100%
Espanha
89%
Rússia
89%
Alemanha
78%
Índia
78%
México
78%
Reino Unido
78%
Suécia
78%
Peru
67%
Bélgica
44%
Paquistão
44%
Turquia
44%
Chile
33%
Chile
33%
Irão
33%
Irlanda
22%
Singapura
22%
Armênia
11%
Bahrein
11%
Catar
11%
Panamá
11%
Bielorrússia
0%
Kuweit
0%

Distribuição das Pontuações

Percentil de Números Respondidos

Porcentagem de Pessoas com Cada Pontuação

Sua Pontuação Histórica

Você não jogou esse quiz